000 00220nam a22000857a 4500
008 170123b xxu||||| |||| 00| 0 eng d
100 _92529
_aPasricha.P.
245 _aEnvironmental Studies-2
260 _aNew Delhi
_bSrijan
_c2011
999 _c5618
_d5618